000 00214nam a2200085Ia 4500
008 170620s9999 xx 000 0 und d
100 _aJohri- Meera
245 0 _aInspiring thoughts - Health & Wellness
260 _bDelhi- Rajpal
260 _c2010
999 _c25576
_d25576